Stephen King Books Made Into Movies - Statistics

General Stats
  • This quiz has been taken 96 times
  • The average score is 13 of 43
Answer Stats
Answer % Correct
It
91%
The Shining
86%
Carrie
79%
Cujo
73%
Misery
70%
Christine
66%
The Green Mile
61%
The Shawshank Redemption
60%
Pet Sematary
58%
Stand by Me
52%
Firestarter
49%
The Mist\
44%
Children of the Corn
43%
Thinner
43%
The Running Man
38%
The Dead Zone
35%
Dolores Claiborne
34%
Needful Things
32%
The Dark Tower
32%
Geralds Game
29%
Creepshow
26%
Silver Bullet
25%
Maximum Overdrive
22%
1408
21%
Cats Eye
17%
The Dark Half
17%
Cell
16%
Dreamcatcher
16%
Hearts in Atlantis
16%
Apt Pupil
13%
Creepshow 2
12%
Secret Window
12%
1922
10%
The Lawnmower Man
10%
Graveyard Shift
9%
A Good Marriage
8%
The Mangler
6%
The Night Flier
5%
Riding the Bullet
4%
Dolans Cadillac
3%
Julie Ganapathi
0%
Mercy
0%
No Smoking
0%
No matching quizzes found
Score Distribution
Percent of People with Each Score
Percentile by Number Answered
Your Score History
You have not taken this quiz